Final report of Jay Lefkowitz, U.S. Special Envoy for Human Rights in North Korea.

Bibliographic Details
Main Author: Lefkowitz, Jay P., 1962- (Author)
Format: Government Document eBook
Language:English
Published: [Washington, D.C.] : U.S. Department of State, 2009.
Subjects:
Online Access:https://purl.fdlp.gov/GPO/gpo131831

MARC

Tag First Indicator Second Indicator Subfields
LEADER 00000cam a2200000 i 4500
001 in00004090939
005 20211120104255.0
006 m o d f
007 cr bn|||||||||
008 200204s2009 dcu ob f000 0 eng c
035 |a (OCoLC)on1138992352 
042 |a pcc 
043 |a a-kn---  |a n-us--- 
040 |a GPO  |b eng  |e rda  |e pn  |c GPO  |d MvI 
049 |a WWW 
074 |a 0876 (online) 
086 0 |a S 1.2:H 88/11 
100 1 |a Lefkowitz, Jay P.,  |d 1962-  |e author. 
245 1 0 |a Final report of Jay Lefkowitz, U.S. Special Envoy for Human Rights in North Korea. 
264 1 |a [Washington, D.C.] :  |b U.S. Department of State,  |c 2009. 
300 |a 1 online resource 
336 |a text  |b txt  |2 rdacontent 
337 |a computer  |b c  |2 rdamedia 
338 |a online resource  |b cr  |2 rdacarrier 
500 |a "January 17, 2009." 
504 |a Includes bibliographical references. 
588 |a Description based on online resource, HTML version; title from caption (Department of State archived content website, viewed Feb. 4, 2020). 
650 0 |a Human rights  |z Korea (North) 
650 0 |a Human rights  |z Korea (North)  |x International cooperation. 
650 0 |a Human rights advocacy  |x Government policy  |z United States. 
710 1 |a United States.  |b Department of State,  |e issuing body. 
856 4 0 |u https://purl.fdlp.gov/GPO/gpo131831  |t 0 
999 f f |s a5bc2ee5-3f37-3e11-b7e0-70b1eeab502c  |i d75adca0-61db-31a9-99e9-7744e9ac439c  |t 0 
952 f f |a Texas A&M University  |b College Station  |c Electronic Resources  |d Available Online  |t 0  |e S 1.2:H 88/11  |h Superintendent of Documents classification 
998 f f |a S 1.2:H 88/11  |t 0  |l Available Online